00570nam a22001697a 4500008004100000020001500041041000800056082002700064245011300091250001200204260004700216300001700263650004200280700002700322700003100349700002000380241211b |||||||| |||| 00| 0 eng d a9993301612 hEng 223rda824.08/Es73/1996 aEssays on the creation of knowledge /ced. by Shreedhar P. Lohani, Rameshwar P. Adhikary and Abhi N. Subedi. a2nd ed. aKathmandu :bRatna Pustak Bhandar ,c1996. a151p. : ill. aEnglish essays– Literary collection aLohani, Shreedhar P. , aAdhikary, Rameshwar P. and aSubedi, Abhi N.